000
00270nam a22001337a 4500
020
_a
01289856447
041
_a
ENG
100
_a
Welder
245
_a
Thank You Mr Welder
260
_a
Delhi
_b
Adavani -Oerlikon Lim
_c
1994
300
_a
73
650
_a
GAE
856
_u
GAE
999
_c
308
_d
308